000 00286nam a2200121Ia 4500
008 190216s9999||||xx |||||||||||||| ||und||
100 _aSatish Jain
245 0 _aIntroduction Tocomputer Science
260 _bBpb Pub
_c1993
300 _a487 p
650 _aComputer Science
942 _cBK
999 _c8422
_d8422